INFORME FINAL DEL EJERCICIO PROFESIONAL SUPERVISADO, REALIZADO EN BIOTOPO UNIVERSITARIO PARA LA CONSERVACIÓN DEL QUETZAL MARIO DARY RIVERA Y EN EL CASERÍO CUMBRE DEL CARPINTERO, PURULHÁ, BAJA VERAPAZ/ (Registro nro. 2102)
[ vista simple ]
| 000 -LEADER | |
|---|---|
| campo de control de longitud fija | 03148nam a22003257a 4500 |
| 001 - NÚMERO DE CONTROL | |
| campo de control | TIGAL 0012 |
| 003 - IDENTIFICADOR DE NÚMERO DE CONTROL | |
| campo de control | gtcocun |
| 005 - FECHA Y HORA DE LA ÚLTIMA TRANSACCIÓN | |
| campo de control | 20250923183849.0 |
| 006 - CÓDIGOS DE INFORMACIÓN DE LONGITUD FIJA--CARACTERÍSTICAS DEL MATERIAL ADICIONAL | |
| campo de control de longitud fija | a||||gr|||| 00| 0 |
| 007 - CAMPO FIJO DE DESCRIPCIÓN FÍSICA--INFORMACIÓN GENERAL | |
| campo de control de longitud fija | ta |
| 008 - DATOS DE LONGITUD FIJA--INFORMACIÓN GENERAL | |
| campo de control de longitud fija | 250923b2018 gt ||||| m||| 00| 0 eng d |
| 040 ## - FUENTE DE CATALOGACIÓN | |
| Centro catalogador/agencia de origen | gtcocun |
| Lengua de catalogación | SPA |
| Centro/agencia transcriptor | gtcocun |
| Normas de descripción | RDA |
| 041 ## - CÓDIGO DE IDIOMA | |
| Código de lengua del texto/banda sonora o título independiente | SPA TIGAL 0012 |
| 084 ## - OTRO NÚMERO DE CLASIFICACIÓN | |
| Número de control del registro de autoridad o número normalizado | TIGAL 0012 |
| 100 ## - ENTRADA PRINCIPAL--NOMBRE DE PERSONA | |
| Nombre de persona | López Alonzo, Arleny Edelmira |
| Término indicativo de función/relación | Autor |
| 245 ## - MENCIÓN DEL TÍTULO | |
| Título | INFORME FINAL DEL EJERCICIO PROFESIONAL SUPERVISADO, REALIZADO EN BIOTOPO UNIVERSITARIO PARA LA CONSERVACIÓN DEL QUETZAL MARIO DARY RIVERA Y EN EL CASERÍO CUMBRE DEL CARPINTERO, PURULHÁ, BAJA VERAPAZ/ |
| Mención de responsabilidad, etc. | Arleny Edelmira López Alonzo. |
| Medio | Impreso |
| 264 ## - PRODUCCIÓN, PUBLICACIÓN, DISTRIBUCIÓN, FABRICACIÓN Y COPYRIGHT | |
| Producción, publicación, distribución, fabricación y copyright | Cobán, Alta Verapaz: |
| Nombre del de productor, editor, distribuidor, fabricante | Universidad de San Carlos de Guatemala, Centro Universitario del Norte, Carrera de Ingeniería en Gestión Ambiental Local |
| Fecha de producción, publicación, distribución, fabricación o copyright | 2018 |
| 300 ## - DESCRIPCIÓN FÍSICA | |
| Extensión | 97 p.: |
| Otras características físicas | Ilustraciones, gráficas. |
| Dimensiones | 28 cm; |
| 336 ## - TIPO DE CONTENIDO | |
| Fuente | rdacontenido |
| Término de tipo de contenido | Texto |
| Código de tipo de contenido | txt |
| 337 ## - TIPO DE MEDIO | |
| Fuente | rdamedio |
| Nombre/término del tipo de medio | Computadora |
| Código del tipo de medio | n |
| 338 ## - TIPO DE SOPORTE | |
| Fuente | rdasoporte |
| Nombre/término del tipo de soporte | Código en línea |
| Código del tipo de soporte | cr |
| 502 ## - NOTA DE TESIS | |
| identificador de la tesis | TIGAL 0012 |
| 502 ## - NOTA DE TESIS | |
| Nota de tesis | Tesis de grado |
| Tipo de título | Carrera de Ingeniería en Gestión Ambiental Local, |
| Nombre de la institución que otorga el título | Universidad de San Carlos de Guatemala, Centro Universitario del Norte, Carrera de Ingeniería en Gestión Ambiental Local |
| Año de obtención del título | 2018 |
| Identificador de la tesis | TIGAL 0012 |
| 520 14 - RESUMEN, ETC. | |
| Sumario, etc. | Como parte del proceso de aprendizaje se realizó el ejercicio profesional supervisado en la sede de Biotopo Universitario para la conservación del Quetzal “Mario Dary Rivera” ubicado en el municipio de Purulhá, Baja Verapaz.<br/><br/>Se trabajó específicamente en el caserío Cumbre del Carpintero iniciando con el diagnóstico ambiental comunitario en donde se implementaron herramientas participativas como entrevistas, encuestas, mapas de recursos naturales, diálogos semi estructurados, lluvia de ideas y observación, para conocer la situación actual del caserío e identificar las debilidades y fortalezas del mismo.<br/><br/>Al jerarquizar los problemas se generaron actividades como: análisis bacteriológico de las principales fuentes de agua acompañado de talleres sobre prácticas adecuadas para el tratamiento de agua para consumo, ligado al mejoramiento de las condiciones del tanque de captación del nacimiento de agua, talleres enfocados a padres de familia y a estudiantes del nivel primario sobre temas de conservación de recursos naturales en el caserío los cuales iban acompañados de actividades en donde se involucraba a todos los pobladores.<br/><br/>A través del involucramiento comunitario se llevó a cabo la investigación inferencial concerniente a la estimación del contenido del carbono en la masa forestal del caserío Cumbre del Carpintero, donde se determinó los niveles de carbono que el bosque es capaz de almacenar. |
| 650 14 - PUNTO DE ACCESO ADICIONAL DE MATERIA--TÉRMINO DE MATERIA | |
| Fuente del encabezamiento o término | LEMB |
| Término de materia o nombre geográfico como elemento de entrada | Purulhá, Baja Verapaz |
| Subdivisión general | Ingeniería en Gestión Ambiental Local |
| -- | Purulhá |
| -- | Diagnóstico ambiental |
| -- | Cumbre del Carpintero |
| -- | Conservación de recursos naturales |
| -- | Carbono |
| 700 ## - ENTRADA AGREGADA--NOMBRE PERSONAL | |
| Nombre de persona | Ing. Julio Oswaldo Méndez Morales |
| Término indicativo de función/relación | Asesor |
| 856 ## - LOCALIZACIÓN Y ACCESO ELECTRÓNICOS | |
| Identificador Uniforme de Recurso | <a href="Sin archivo en línea ">Sin archivo en línea </a> |
| Nota pública | Sin archivo en línea |
| 942 ## - ELEMENTOS DE ENTRADA SECUNDARIOS (KOHA) | |
| Fuente de la clasificación o esquema de estantería | Clasificación Decimal Dewey |
| Tipo de ítem Koha | TESIS |
| Parte de la signatura que identifica el ejemplar (Parte del ítem) | TIGAL 0012 |
| Prefijo de la signatura | Clasificación |
| Suprimir en OPAC | No |
| -- | TIGAL_0012_000000000000000 |
| Estatus retirado | Estado de pérdida | Fuente de la clasificación o esquema de estantería | Estado de daño | No para préstamo | Colección | Biblioteca de origen | Biblioteca actual | Ubicación en estantería | Fecha de adquisición | Número de inventario | Total de préstamos | Signatura topográfica completa | Código de barras | Visto por última vez | Precio de reemplazo | Tipo de ítem Koha |
|---|---|---|---|---|---|---|---|---|---|---|---|---|---|---|---|---|
| Clasificación Decimal Dewey | tesis | BIBLIOTECA- CUNOR -JOSÉ LUIS GONZALES ROSALES | BIBLIOTECA- CUNOR -JOSÉ LUIS GONZALES ROSALES | Colección tesis | 23/09/2025 | TIGAL 0012 | TIGAL 0012 | TIGAL 0012 | 23/09/2025 | 23/09/2025 | TESIS |